| 000 | 01029nam a2200313 i 4500 | ||
|---|---|---|---|
| 001 | bg | ||
| 003 | BPK | ||
| 005 | 20220609091013.0 | ||
| 008 | 030516s2003 pl a f f |001 0 pol | ||
| 015 | _aPB 2003/8715 | ||
| 020 | _a8320428246 | ||
| 040 |
_aWA N _cBPK |
||
| 041 | 0 | _apol | |
| 080 | _a621.3 | ||
| 080 | _a(075.8) | ||
| 100 | 1 |
_aBolkowski, Stanisław _d(1930- ) _eAutor |
|
| 245 | 1 | 0 |
_aTeoria obwodów elektrycznych / _cStanisław Bolkowski. |
| 250 | _aWyd. 7. | ||
| 260 |
_aWarszawa : _bWydawnictwa Naukowo-Techniczne, _c2003. |
||
| 300 |
_a581, [3] s. : _bil. ; _c24 cm. |
||
| 490 | 1 | _aPodręczniki Akademickie. Elektrotechnika. | |
| 504 | _aBibliogr. Indeks. | ||
| 655 | 4 | _aPodręczniki akademickie | |
| 650 | 4 | _aObwód elektryczny | |
| 710 | 2 |
_aWydawnictwa Naukowo-Techniczne _4pbl. |
|
| 856 |
_uhttp://koha.tu.koszalin.pl/cgi-bin/koha/opac-detail.pl?biblionumber=43026 _yKatalog online BPK |
||
| 830 | 0 |
_aPodręczniki Akademickie. _pElektrotechnika |
|
| 942 |
_2UKD _cKS |
||
| 999 |
_c43026 _d43026 |
||